| 000 | 00852nam a22002297a 4500 | ||
|---|---|---|---|
| 005 | 20240530110611.0 | ||
| 008 | 161016s2015 ua aa g b 000 0dara d | ||
| 017 |
_a2015/1608 _bمصر. دار الكتب |
||
| 020 | _a9789772768400 | ||
| 040 |
_aEG-CaGPL _cEG-CaGPL |
||
| 082 | 0 | 4 |
_221 _a307.1\ _bهـ ب |
| 100 | 0 | _aهنادى رشدى سلطان . | |
| 245 | 1 | 2 |
_aالبعد الاقتصادى للسياسة الاعلامية : _bدراسة تطبيقية / _cاعداد هنادى رشدى سلطان . |
| 250 | _aط.1 | ||
| 260 |
_aالقاهرة : _bالمكتب العربى للمعارف ، _c2015 . |
||
| 300 |
_a530 ص ؛ _c24 سم . |
||
| 504 | _aببليوجرافية : ص 505 - 523 | ||
| 650 | 0 | 4 |
_2qrmak _aالاعلام |
| 650 | 0 | 4 |
_2qrmak _aالاعلام و التعليم . |
| 942 |
_2ddc _cBK |
||
| 999 |
_c62856 _d62856 |
||